Dialéctica erística o el arte de tener siempre la razón: expuesta en 38 artimañas.
Gespeichert in:
| 1. Verfasser: | |
|---|---|
| Weitere Verfasser: | |
| Format: | Buch |
| Veröffentlicht: |
Madrid, España:
Trotta,
1997.
|
| Schriftenreihe: | Clásicos de la Cultrua,
|
| Schlagworte: | |
| Tags: |
Tag hinzufügen
Keine Tags, Fügen Sie den ersten Tag hinzu!
|
MARC
| LEADER | 00000nam a22000007a 4500 | ||
|---|---|---|---|
| 003 | CL-VaPUC | ||
| 005 | 20230821095338.0 | ||
| 008 | 220707t1997 ||||| |||| 00| 0 eng d | ||
| 999 | |c 436806 |d 436804 | ||
| 020 | |a 84-8164-142-1 | ||
| 040 | |c Pontificia Universidad Católica de Valparaíso | ||
| 082 | 0 | 4 | |a 168 SCH 1997 |2 21 |
| 100 | 0 | |a Schopenhauer, Arthur |e autor |9 265694 | |
| 245 | 1 | 0 | |a Dialéctica erística o el arte de tener siempre la razón: expuesta en 38 artimañas. |
| 260 | |a Madrid, España: |b Trotta, |c 1997. | ||
| 300 | |a 99 páginas. | ||
| 490 | |a Clásicos de la Cultrua, |n 5. | ||
| 500 | |a c.1- Donación Familia Prof. Alejandro Guzmán Brito. | ||
| 583 | |a last modification |c 19990927 00:00:00 |k Cristina María Rojas Aguilar | ||
| 650 | 0 | |a Dialéctica |9 257902 |x Argumentación |v Aspectos filosóficos | |
| 650 | 0 | |a Discusiones |9 519140 |x Métodos de razonamiento | |
| 650 | 0 | |a Conversaciones |9 314515 |v Filosofía y teoría | |
| 700 | |a Moreno Claros, Luis Fernando |e traducción y presentación |9 872428 | ||
| 942 | |c BK |2 ddc |n 0 | ||
| 952 | |0 0 |1 0 |2 ddc |4 0 |6 168_000000000000000_SCH_1997 |7 0 |8 C_AGB |9 584536 |a BIBDER |b BIBDER |d 2022-07-07 |e Donación |i 5652596 |o 168 SCH 1997 |p 5652596 |r 2023-01-25 |t 1 |w 2022-07-07 |y BK_US |k AGB | ||